=LDR 00000nam 2200000 4500 =001 INLIS000000000041427 =005 20130612150949 =008 ***********************************ind** =035 ##$$0010-061300000041427 =041 ##$$a ind =082 ##$$a 813 =090 ##$$a 813, mon t.2 =100 ##$$a Montanari, Richard =245 ##$$a The Skin Gods. bAdegan Berdarah Sang Aktor, Richars Montanari =260 ##$$a 2011 $b Jakarta =300 ##$$a 512 hlm, 12.3 cm =850 ##$$a NBPNMAT